00737 2200277 4500001002100000005001700021020002200038035002500060040001200085082001000097084001900107090001900126100002700145245005000172250001700222260003300239300004100272500002900313650002000342850001200362990001700374990001700391990001700408990001700425990001700442YOGYA00000000010151820150211155215.0 a978-979-756-974-7 a0010-041400000000120 aYOPDYOG a616.2 aQT 616.2 Sut I aQT 616.2 Sut I aSUTJI PRATIWI RAHARDJO aInfeksi leher dalamc/ Sutji Pratiwi Rahardjo aEd.1, cet. 1 aYogyakartabGraha Ilmuc2013 axii, 61 hlm.bilus.c26 cm. (5 eks.) aBibliografi : hlm. 59-61 aLeher - Infeksi aYOPDYOG a6651/PD.2014 a6652/PD.2014 a6653/PD.2014 a6654/PD.2014 a6655/PD.2014